Sky boys : how they built the Empire State Building / (Record no. 416)

MARC details
000 -LEADER
fixed length control field 01533nam a22003737a 4500
001 - CONTROL NUMBER
control field 416
003 - CONTROL NUMBER IDENTIFIER
control field FISKH
005 - DATE AND TIME OF LATEST TRANSACTION
control field 20230410160832.0
008 - FIXED-LENGTH DATA ELEMENTS--GENERAL INFORMATION
fixed length control field 230410b cb ||||| |||| 00| 0 eng d
020 ## - INTERNATIONAL STANDARD BOOK NUMBER
International Standard Book Number 9780375865411
040 ## - CATALOGING SOURCE
Original cataloging agency DLC
Transcribing agency DLC
Modifying agency DLC
-- FISKH
Language of cataloging eng
042 ## - AUTHENTICATION CODE
Authentication code lcac
050 00 - LIBRARY OF CONGRESS CALL NUMBER
Classification number PZ7.H778125
Item number Sk 2006
082 00 - DEWEY DECIMAL CLASSIFICATION NUMBER
Classification number 974.71
Edition number 22
100 1# - MAIN ENTRY--PERSONAL NAME
Personal name Hopkinson, Deborah.
245 10 - TITLE STATEMENT
Title Sky boys : how they built the Empire State Building /
Statement of responsibility, etc. Deborah Hopkinson & James E. Ransome.
250 ## - EDITION STATEMENT
Edition statement First Dragonfly Books Edition
260 ## - PUBLICATION, DISTRIBUTION, ETC.
Place of publication, distribution, etc. New York :
Name of publisher, distributor, etc. Dragonfly.
Date of publication, distribution, etc. 2006.
300 ## - PHYSICAL DESCRIPTION
Extent 24 leaves of plates :
Other physical details col. ill. ;
Dimensions 30 cm.
505 ## - FORMATTED CONTENTS NOTE
Formatted contents note M
520 ## - SUMMARY, ETC.
Summary, etc. In 1931, a boy and his father watch as the world's tallest building, the Empire State Building, is constructed, step-by-step, near their Manhattan home.
521 8# - TARGET AUDIENCE NOTE
Target audience note 770 <br/>
Source Lexile AD
521 8# - TARGET AUDIENCE NOTE
Target audience note M <br/>
Source Raz-Plus
610 21 - SUBJECT ADDED ENTRY--CORPORATE NAME
Corporate name or jurisdiction name as entry element Empire State Building (New York, N.Y.)
General subdivision Design and construction
Form subdivision Fiction.
650 #1 - SUBJECT ADDED ENTRY--TOPICAL TERM
Topical term or geographic name entry element Skyscrapers
Form subdivision Fiction.
650 #1 - SUBJECT ADDED ENTRY--TOPICAL TERM
Topical term or geographic name entry element Building
Form subdivision Fiction.
651 #1 - SUBJECT ADDED ENTRY--GEOGRAPHIC NAME
Geographic name New York (N.Y.)
General subdivision History
Chronological subdivision 1898-1951
Form subdivision Fiction.
700 1# - ADDED ENTRY--PERSONAL NAME
Personal name Ransome, James,
Relator term ill.
856 42 - ELECTRONIC LOCATION AND ACCESS
Materials specified Publisher description
Uniform Resource Identifier <a href="http://www.loc.gov/catdir/enhancements/fy0622/2005010852-d.html">http://www.loc.gov/catdir/enhancements/fy0622/2005010852-d.html</a>
856 42 - ELECTRONIC LOCATION AND ACCESS
Materials specified Contributor biographical information
Uniform Resource Identifier <a href="http://www.loc.gov/catdir/enhancements/fy0633/2005010852-b.html">http://www.loc.gov/catdir/enhancements/fy0633/2005010852-b.html</a>
906 ## - LOCAL DATA ELEMENT F, LDF (RLIN)
a 7
b cbc
c orignew
d 1
e ecip
f 20
g y-gencatlg
942 ## - ADDED ENTRY ELEMENTS (KOHA)
Source of classification or shelving scheme Dewey Decimal Classification
Koha item type Books
Suppress in OPAC No
Holdings
Withdrawn status Lost status Source of classification or shelving scheme Damaged status Not for loan Collection Home library Current library Shelving location Date acquired Total Checkouts Full call number Barcode Date last seen Price effective from Koha item type
    Dewey Decimal Classification     Non-Fiction Footprints International School Library Network Toul Kork Campus Footprints International School Library Network Toul Kork Campus TK Primary Library Room(4th Floor), Bookcase 5&6, Shelves 33-56, Orange Books 04/10/2023   HOP 974.71 PZ7.H778125 FISTK02295 04/10/2023 04/10/2023 Books